LEADER 00932nam a2200205 i 4500 001 000000253842 003 CaOOAMICUS 005 20170418000000.0 008 170418s1822 it u000 u ita u 013 $a232747 026 $ai.a- lai, 2.io ilva (3) 1822 (A) 040 $aSeMil$bita 245 10$aVol. 39. 300 $a274, [2] p., [1] c. di tav. :$bantip. calcogr. 773 0 $aRollin, Charles <1661-1741>$tStoria antica e romana di Carlo Rollin versione ridotta a lezione migliore arricchita di annotazioni di un pił copioso indice delle materie e di incisioni in rame ... Vol. 1. [-48].$dVenezia : Dalla Tipografia di Alvisopoli, 1819-1822 (Venezia : Stampato a cura di Giuseppe Battaggia)$g39$w()4468 850 $aSeMil 852 $aSeMil$W1$xVenegono$y1$m3V VII 39 FA$j204188$B204188$CSeMilBibl$Z2$F217623 $8I 941 1 $a10 961 $aRecupero: Mantegazza 996 $6245$aVol. 39$9(OLS)http://semarc/title/306913 LEADER 00692nam a2200181 i 4500 001 000000241993 003 CaOOAMICUS 005 20150525000000.0 008 150525s1836 it u000 u ita u 013 $a220898 040 $aSeMil$bita 245 10$aVol. 1. 300 $a310 p. 773 0 $aBourdaloue, Louis $tOpere complete di Bourdaloue.$dCremona : presso Luigi De Micheli, 1833-1838.$g19$w()31918 773 0 $aBourdaloue, Louis $tEsortazioni.$dCremona : presso Luigi De Micheli, 1836.$g1$w()31923 850 $aSeMil 852 $aSeMil$W1$xVenegono$y1$m3F I 421 FA$j192339$B192339$CSeMilBibl$Z2$F203159 $8I 996 $6245$aVol. 1$9(OLS)http://semarc/title/13429